000 00625nam a2200241Ia 4500
003 OSt
005 20221007065355.0
006 a|||||r|||| 00| 0
007 ta
008 221006b |||||||| |||| 00| 0 eng d
020 _a9780748614591
024 _a45,512
037 _cTextual
040 _aFLL
_cFLL
_beng
041 _2eng
_aeng
082 _aZ(Q7)v, P4
100 _aDIEN Mawil Izzi
_9590900
245 0 _aIslamic law
260 _aEdinburgh
_bEdinburgh University Press
_c2004
300 _axii,178p.
_ccm.
942 _hZ(Q7)v, P4
_cTEXL
_2CC
999 _c1137137
_d1137137